[Event "Wloclawek-ch"]
[Site "Wloclawek"]
[Date "2018.??.??"]
[Round "7"]
[White "Czekalski, Pawel"]
[Black "Wieckowska, Oliwia"]
[Result "0-1"]
[WhiteElo "1148"]
[BlackElo "1172"]
[PlyCount "78"]
[EventDate "2018.09.??"]
[EventType "swiss"]
[EventRounds "9"]
[EventCountry "POL"]
[SourceTitle "EXT 2021"]
[Source "ChessBase"]
[SourceDate "2020.10.23"]
[SourceVersion "1"]
[SourceVersionDate "2020.10.23"]
[SourceQuality "1"]

1. Nf3 Nf6 2. e3 e6 3. d4 d5 4. b3 Be7 5. Nbd2 0-0 6. Bd3 c5 7. Bb2 Nc6 8. c3 Qc7 9. dxc5 Bxc5 10. Be2 Ne5 11. c4 Nxf3+ 12. Bxf3 dxc4 13. Bxf6 gxf6 14. bxc4 Rd8 15. Bh5 Bf8 16. 0-0 Bg7 17. Qe2 b6 18. Rad1 Bb7 19. Qg4 Qe5 20. Qh3 Qg5 21. f4 Qh6 22. g4 Rac8 23. Qh4 Bf8 24. Kf2 Rd7 25. g5 fxg5 26. fxg5 Qg7 27. Rg1 Be7 28. Ke2 Rc5 29. Bxf7+ Kxf7 30. Qh5+ Qg6 31. Rdf1+ Kg7 32. Qh6+ Kg8 33. h4 Qd3+ 34. Kf2 Qxd2+ 35. Kg3 Qxe3+ 36. Kg4 Rxc4+ 37. Kh5 Bf3+ 38. Rxf3 Qxf3+ 39. Rg4 Qxg4# 0-1

[Event "POL-chT4 Kujawsko-Pomorskie 1617"]
[Site "Poland"]
[Date "2017.01.29"]
[Round "7.5"]
[White "Wieckowska, Oliwia"]
[Black "Kurpiewska, Anna"]
[Result "1-0"]
[WhiteElo "1167"]
[BlackElo "1204"]
[PlyCount "65"]
[EventDate "2016.11.06"]
[EventType "team-tourn"]
[EventRounds "11"]
[EventCountry "POL"]
[SourceTitle "EXT 2019"]
[Source "ChessBase"]
[SourceDate "2018.10.10"]
[SourceVersion "1"]
[SourceVersionDate "2018.10.10"]
[SourceQuality "1"]

1. e4 e5 2. Nf3 Nc6 3. Bc4 Bc5 4. c3 d6 5. d3 Nf6 6. Bb3 0-0 7. Nbd2 h6 8. h3 Ne7 9. Nf1 Ng6 10. Ng3 c6 11. 0-0 Nh7 12. Re1 Nh4 13. Be3 Bb6 14. Qe2 Be6 15. Bxb6 axb6 16. Qe3 Nxf3+ 17. Qxf3 Ng5 18. Qe3 Bxh3 19. gxh3 Nxh3+ 20. Kf1 Nf4 21. Red1 Qh4 22. Qf3 Qh3+ 23. Ke1 Ng2+ 24. Kd2 Nf4 25. Rh1 Qd7 26. Nf5 d5 27. Rag1 Ng6 28. Qh5 Rfd8 29. Nxh6+ Kf8 30. Nf5 Ke8 31. Qh8+ Nf8 32. Qxf8+ Kxf8 33. Rh8# 1-0

[Event "Wloclawek-ch"]
[Site "Wloclawek"]
[Date "2017.??.??"]
[Round "4"]
[White "Czekalski, Pawel"]
[Black "Wieckowska, Oliwia"]
[Result "0-1"]
[WhiteElo "1181"]
[BlackElo "1141"]
[PlyCount "130"]
[EventDate "2017.10.??"]
[EventType "swiss"]
[EventRounds "9"]
[EventCountry "POL"]
[SourceTitle "EXT 2021"]
[Source "ChessBase"]
[SourceDate "2020.10.23"]
[SourceVersion "1"]
[SourceVersionDate "2020.10.23"]
[SourceQuality "1"]

1. e4 e5 2. Nf3 Nc6 3. c3 Nf6 4. d3 d6 5. Bg5 Be7 6. Bxf6 Bxf6 7. b4 Be6 8. Qd2 0-0 9. Na3 a6 10. Nc2 d5 11. exd5 Qxd5 12. Be2 Rad8 13. c4 Qd7 14. Rd1 Rfe8 15. 0-0 Bf5 16. Nfe1 Nd4 17. Nxd4 Qxd4 18. Nf3 Qd7 19. c5 e4 20. Ne1 h6 21. a3 exd3 22. Bxd3 c6 23. Kh1 Qd5 24. f3 Bxd3 25. Nxd3 Qb3 26. f4 Qxa3 27. Rf3 Qb3 28. g4 Qd5 29. Kg2 Qe4 30. Kg3 Qe2 31. Qxe2 Rxe2 32. h4 Bc3 33. g5 hxg5 34. fxg5 Bxb4 35. h5 Rd5 36. Kg4 Bc3 37. Rdf1 Rg2+ 38. Kh4 Rgxg5 39. Nf4 Rxc5 40. Rd1 Bf6 41. Kh3 a5 42. Re1 Be5 43. Re4 Bxf4 44. Re8+ Kh7 45. Rxf4 Rxh5+ 46. Kg4 Rhe5 47. Rd8 Rcd5 48. Rf8 f6 49. Kg3 Re3+ 50. Kf2 Rh3 51. Kg2 Rhh5 52. Rf7 b5 53. R4xf6 Rd2+ 54. Kg3 Rc5 55. Kg4 Rd4+ 56. Kf3 Rc3+ 57. Ke2 a4 58. Ra7 a3 59. Rff7 Rg3 60. Kf2 Rdg4 61. Rfc7 Rc3 62. Ra5 Ra4 63. Rxb5 cxb5 64. Rxc3 a2 65. Rh3+ Kg8 0-1

[Event "Wloclawek CC Classic 15th"]
[Site "Wloclawek"]
[Date "2016.??.??"]
[Round "3"]
[White "Graczyk, Piotr"]
[Black "Wieckowska, Oliwia"]
[Result "0-1"]
[WhiteElo "1306"]
[BlackElo "1256"]
[PlyCount "94"]
[EventDate "2016.01.??"]
[EventType "swiss"]
[EventRounds "7"]
[EventCountry "POL"]
[SourceTitle "EXT 2021"]
[Source "ChessBase"]
[SourceDate "2020.10.23"]
[SourceVersion "1"]
[SourceVersionDate "2020.10.23"]
[SourceQuality "1"]

1. d4 Nf6 2. c4 g6 3. Nc3 d5 4. e3 Bg7 5. Nf3 0-0 6. cxd5 Nxd5 7. Bc4 Nxc3 8. bxc3 c5 9. 0-0 Nc6 10. Qc2 Bf5 11. e4 Bc8 12. d5 Na5 13. Be2 b6 14. Rb1 Nb7 15. c4 Qc7 16. Rd1 Rd8 17. e5 Bxe5 18. Nxe5 Qxe5 19. Bb2 Qd6 20. Qd2 Bf5 21. Qh6 f6 22. Bd3 Qd7 23. Bxf5 Qxf5 24. Re1 Re8 25. Rbd1 Nd6 26. Re3 g5 27. Bc3 Rad8 28. Rf3 Qg6 29. Qxg6+ hxg6 30. Rh3 Nxc4 31. Rdd3 Kg7 32. Rhg3 Nd6 33. Ba1 Nf5 34. Rxg5 Kf7 35. Rg4 e6 36. h3 exd5 37. Bc3 d4 38. Bd2 Re2 39. a3 c4 40. Rf3 Rxd2 41. Re4 c3 42. g4 Nh4 43. Rff4 c2 44. g5 c1Q+ 45. Kh2 Qc7 46. Kg3 f5 47. Re1 Rd3+ 0-1

[Event "Wloclawek CC Classic 16th"]
[Site "Wloclawek "]
[Date "2016.??.??"]
[Round "6"]
[White "Graczyk, Piotr"]
[Black "Wieckowska, Oliwia"]
[Result "1-0"]
[WhiteElo "1297"]
[BlackElo "1246"]
[PlyCount "83"]
[EventDate "2016.04.??"]
[EventType "swiss"]
[EventRounds "7"]
[EventCountry "POL"]
[SourceTitle "EXT 2021"]
[Source "ChessBase"]
[SourceDate "2020.10.23"]
[SourceVersion "1"]
[SourceVersionDate "2020.10.23"]
[SourceQuality "1"]

1. d4 Nf6 2. c4 g6 3. Nc3 d5 4. Nf3 Bg7 5. cxd5 Nxd5 6. e4 Nxc3 7. bxc3 c5 8. e5 cxd4 9. cxd4 Bg4 10. Bb5+ Nd7 11. h3 Bxf3 12. Qxf3 Qa5+ 13. Bd2 Qxb5 14. Rc1 Qb6 15. 0-0 Qxd4 16. Qxb7 0-0 17. Be3 Qa4 18. e6 fxe6 19. Bg5 Nf6 20. Qxe7 Qe8 21. Qb7 Rf7 22. Qa6 Ne4 23. Be3 Qe7 24. Qc6 Qb7 25. Qxe6 Nf6 26. Rb1 Qd7 27. Qb3 Qd5 28. Qc2 Rb7 29. Rbd1 Qf7 30. Rd2 Rf8 31. Rfd1 Rc7 32. Qa4 Re7 33. Bc5 Ne4 34. Bxe7 Nxd2 35. Bxf8 Qxf8 36. Rxd2 Qe7 37. Rd1 Bf6 38. Qd7 Qb4 39. Rc1 Qe7 40. Qc8+ Qf8 41. Qxf8+ Kxf8 42. Rc8+ 1-0

[Event "Wloclawek CC Classic 17th"]
[Site "Wloclawek"]
[Date "2016.??.??"]
[Round "2"]
[White "Muzalewski, Slawomir"]
[Black "Wieckowska, Oliwia"]
[Result "1-0"]
[WhiteElo "1466"]
[BlackElo "1192"]
[PlyCount "115"]
[EventDate "2016.06.??"]
[EventType "swiss"]
[EventRounds "7"]
[EventCountry "POL"]
[SourceTitle "EXT 2021"]
[Source "ChessBase"]
[SourceDate "2020.10.23"]
[SourceVersion "1"]
[SourceVersionDate "2020.10.23"]
[SourceQuality "1"]

1. e4 e5 2. Nf3 d6 3. h3 Nf6 4. Nc3 Nc6 5. Bb5 Bd7 6. d3 a6 7. Bc4 Be7 8. Bg5 h6 9. Be3 0-0 10. Qd2 Be6 11. Nd5 Bxd5 12. exd5 Na7 13. g4 c6 14. dxc6 Nxc6 15. g5 hxg5 16. Nxg5 d5 17. Bb3 Na5 18. d4 Nxb3 19. axb3 exd4 20. Qxd4 Qd6 21. 0-0-0 Rac8 22. h4 Qc5 23. Qd3 Qc6 24. h5 Bc5 25. h6 Bxe3+ 26. fxe3 g6 27. Rd2 d4 28. Rf1 Qd5 29. Nf3 Qa5 30. Kb1 dxe3 31. Qxe3 Rfd8 32. Rxd8+ Qxd8 33. Qe5 Rc6 34. Nd4 Rb6 35. c4 Qd6 36. Qe3 Qd8 37. Kc2 Rd6 38. Kc3 Qe8 39. h7+ Kxh7 40. Rh1+ Kg8 41. Qh3 Kf8 42. Qh6+ Ke7 43. Re1+ Re6 44. Nxe6 fxe6 45. Rg1 Ne4+ 46. Kc2 Qd7 47. Rxg6 Qd4 48. Qg7+ Qxg7 49. Rxg7+ Kd6 50. Rxb7 Nc5 51. Rb6+ Kc7 52. Rb4 a5 53. Rb5 Nb7 54. Kd3 Kc6 55. Kd4 Kc7 56. Ke5 Kc6 57. Kxe6 Kc7 58. Kd5 1-0

[Event "Wloclawek CC Classic 12th"]
[Site "Wloclawek"]
[Date "2015.??.??"]
[Round "2"]
[White "Pitula, Adam"]
[Black "Wieckowska, Oliwia"]
[Result "0-1"]
[WhiteElo "1309"]
[BlackElo "1400"]
[PlyCount "124"]
[EventDate "2015.03.??"]
[EventType "swiss"]
[EventRounds "7"]
[EventCountry "POL"]
[SourceTitle "EXT 2021"]
[Source "ChessBase"]
[SourceDate "2020.10.23"]
[SourceVersion "1"]
[SourceVersionDate "2020.10.23"]
[SourceQuality "1"]

1. d4 d5 2. Nf3 Nf6 3. Bf4 e6 4. e3 b6 5. Nbd2 c5 6. c4 Bb7 7. h3 Be7 8. Ne5 0-0 9. Ng4 Nxg4 10. Qxg4 Re8 11. Bd3 g6 12. Bh6 Bf8 13. Bxf8 Rxf8 14. h4 Qf6 15. Qg5 Qg7 16. Qe5 Qxe5 17. dxe5 dxc4 18. Nxc4 Bxg2 19. Rg1 Bd5 20. Nd6 Nd7 21. f4 f6 22. h5 fxe5 23. hxg6 exf4 24. exf4 Rxf4 25. gxh7+ Kh8 26. 0-0-0 e5 27. Rdf1 Nf6 28. Nf7+ Bxf7 29. Rxf4 exf4 30. Rf1 Nxh7 31. Rxf4 Bxa2 32. Rh4 Bg8 33. b3 a5 34. Kb2 Kg7 35. Rg4+ Kf7 36. Bc4+ Ke7 37. Bxg8 Nf6 38. Rg7+ Kf8 39. Rf7+ Kxg8 40. Rxf6 Ra6 41. Ka3 Kg7 42. Rc6 Kf7 43. Kb2 Ke7 44. Kc3 Kd7 45. Rh6 Kc7 46. Rh7+ Kc6 47. Rh6+ Kb5 48. Rh5 a4 49. bxa4+ Rxa4 50. Rg5 Ra3+ 51. Kb2 Kb4 52. Rg4+ c4 53. Rh4 b5 54. Rg4 Rb3+ 55. Kc2 Ka3 56. Rh4 c3 57. Rh5 Ka4 58. Rh8 Ra3 59. Ra8+ Kb4 60. Rb8 Ra2+ 61. Kc1 Ka4 62. Ra8+ Kb3 0-1

[Event "Wloclawek-ch"]
[Site "Wloclawek"]
[Date "2015.??.??"]
[Round "2"]
[White "Wieckowska, Oliwia"]
[Black "Rafalski, Kacper"]
[Result "0-1"]
[WhiteElo "1256"]
[BlackElo "1517"]
[PlyCount "96"]
[EventDate "2015.09.??"]
[EventType "swiss"]
[EventRounds "9"]
[EventCountry "POL"]
[SourceTitle "EXT 2021"]
[Source "ChessBase"]
[SourceDate "2020.10.23"]
[SourceVersion "1"]
[SourceVersionDate "2020.10.23"]
[SourceQuality "1"]

1. e4 g6 2. d4 d6 3. Nf3 Bg7 4. Be2 Nd7 5. 0-0 e5 6. dxe5 dxe5 7. Nc3 Ngf6 8. Be3 0-0 9. Qd2 b6 10. Rad1 Bb7 11. Bd3 Re8 12. Rfe1 Qe7 13. Bh6 Nc5 14. Bxg7 Kxg7 15. h3 Rad8 16. Qe3 a6 17. a3 b5 18. b4 Nxd3 19. cxd3 Rd7 20. d4 exd4 21. Rxd4 Rxd4 22. Qxd4 Rd8 23. Qe3 Re8 24. Nd2 Nd7 25. Nd5 Bxd5 26. exd5 Qxe3 27. Rxe3 Rxe3 28. fxe3 Nb6 29. e4 Kf6 30. Nf3 Nc4 31. Kf2 Nxa3 32. e5+ Ke7 33. Ke3 Nc2+ 34. Ke4 Nxb4 35. Kd4 c6 36. d6+ Kd7 37. Ng5 a5 38. Kc5 Nd3+ 39. Kd4 Nb4 40. Nxf7 a4 41. Kc5 Nd3+ 42. Kd4 Nf4 43. Ke4 Ne6 44. Nh6 a3 45. Ng4 a2 46. Nf6+ Kd8 47. Nxh7 a1Q 48. Kf3 Qxe5 0-1

[Event "Wloclawek CC Classic 10th"]
[Site "Wloclawek"]
[Date "2014.??.??"]
[Round "7"]
[White "Felski, Krzysztof"]
[Black "Wieckowska, Oliwia"]
[Result "1-0"]
[WhiteElo "1800"]
[BlackElo "1400"]
[PlyCount "75"]
[EventDate "2014.04.??"]
[EventType "swiss"]
[EventRounds "7"]
[EventCountry "POL"]
[SourceTitle "EXT 2021"]
[Source "ChessBase"]
[SourceDate "2020.10.23"]
[SourceVersion "1"]
[SourceVersionDate "2020.10.23"]
[SourceQuality "1"]

1. d4 d5 2. c4 e6 3. Nc3 Nf6 4. Bg5 Be7 5. Nf3 b6 6. Bxf6 Bxf6 7. cxd5 exd5 8. g3 Bb7 9. Bg2 0-0 10. 0-0 c5 11. e3 Nc6 12. dxc5 Bxc3 13. bxc3 bxc5 14. Rb1 Rb8 15. Nh4 Qd6 16. Bxd5 Rfd8 17. c4 Na5 18. Nf5 Qe5 19. Qf3 Bxd5 20. cxd5 Qxd5 21. Ne7+ Kf8 22. Nxd5 Rbc8 23. Rfd1 Nc4 24. Qe4 Nd6 25. Qxh7 Ke8 26. Qxg7 Kd7 27. Qg4+ Kc6 28. Qa4+ Nb5 29. Qxb5+ Kd6 30. Nf4+ Ke7 31. Rxd8 Rxd8 32. Qxc5+ Kf6 33. Qxa7 Kg7 34. Ne6+ Kf6 35. Nxd8 Kg6 36. Qxf7+ Kh6 37. Rb6+ Kg5 38. Qg6# 1-0

[Event "Wloclawek CC Classic 11th"]
[Site "Wloclawek"]
[Date "2014.??.??"]
[Round "5"]
[White "Lebiedzinski, Maciej"]
[Black "Wieckowska, Oliwia"]
[Result "1-0"]
[WhiteElo "1800"]
[BlackElo "1400"]
[PlyCount "59"]
[EventDate "2014.06.??"]
[EventType "swiss"]
[EventRounds "7"]
[EventCountry "POL"]
[SourceTitle "EXT 2021"]
[Source "ChessBase"]
[SourceDate "2020.10.23"]
[SourceVersion "1"]
[SourceVersionDate "2020.10.23"]
[SourceQuality "1"]

1. e4 e5 2. Nf3 Nc6 3. Bb5 Nf6 4. Nc3 b6 5. Bxc6 dxc6 6. Nxe5 c5 7. 0-0 Bb7 8. d3 Bd6 9. Nf3 0-0 10. Bg5 Qe7 11. Re1 Rad8 12. Qd2 Rfe8 13. e5 Bxf3 14. exd6 Qxd6 15. Rxe8+ Rxe8 16. gxf3 Qc6 17. Ne4 Nxe4 18. fxe4 Qg6 19. Kf1 h6 20. Bh4 Re6 21. Bg3 Qg4 22. Qf4 Qh3+ 23. Kg1 Qh5 24. Re1 Rf6 25. Qh4 Qg6 26. Kh1 Re6 27. f4 Qf6 28. Qxf6 Rxf6 29. c3 Rd6 30. Re3 1-0

[Event "Wloclawek-ch"]
[Site "Wloclawek"]
[Date "2014.??.??"]
[Round "5"]
[White "Narazinski, Krzysztof"]
[Black "Wieckowska, Oliwia"]
[Result "1-0"]
[WhiteElo "1400"]
[BlackElo "1400"]
[PlyCount "121"]
[EventDate "2014.09.??"]
[EventType "swiss"]
[EventRounds "9"]
[EventCountry "POL"]
[SourceTitle "EXT 2021"]
[Source "ChessBase"]
[SourceDate "2020.10.23"]
[SourceVersion "1"]
[SourceVersionDate "2020.10.23"]
[SourceQuality "1"]

1. e4 e5 2. Nf3 Nc6 3. Bc4 Nf6 4. Nc3 Bc5 5. d3 0-0 6. 0-0 d6 7. h3 Be6 8. Bxe6 fxe6 9. Bg5 h6 10. Bxf6 Rxf6 11. Na4 Bb6 12. Nxb6 axb6 13. Qe2 d5 14. Rfd1 Qe7 15. c3 d4 16. cxd4 Nxd4 17. Nxd4 exd4 18. a3 Raf8 19. Rf1 e5 20. Rac1 c5 21. Rc2 Qe6 22. Qd2 Rg6 23. Kh2 Qf6 24. f3 Qh4 25. Qf2 Qf4+ 26. g3 Qf7 27. Qg2 Rf6 28. Rcf2 Qb3 29. Rd2 b5 30. g4 Rg6 31. Qg3 Qe6 32. Rdf2 h5 33. Qh4 hxg4 34. fxg4 Rxf2+ 35. Rxf2 Rf6 36. Rxf6 Qxf6 37. Qxf6 gxf6 38. Kg3 Kg7 39. h4 c4 40. dxc4 bxc4 41. Kf2 b5 42. Ke2 Kg6 43. Kd2 Kh6 44. Kc2 d3+ 45. Kc3 Kg6 46. b3 Kh6 47. bxc4 bxc4 48. a4 Kg7 49. a5 Kf8 50. a6 Ke7 51. a7 Kd6 52. a8Q Kc7 53. h5 Kb6 54. h6 Kc5 55. h7 d2 56. Kxd2 Kb4 57. Kc2 c3 58. h8Q Kb5 59. Qhc8 Kb4 60. Qab7+ Ka3 61. Qca8# 1-0

[Event "Wloclawek CC Classic 10th"]
[Site "Wloclawek"]
[Date "2014.??.??"]
[Round "3"]
[White "Oborski, Zbigniew"]
[Black "Wieckowska, Oliwia"]
[Result "1-0"]
[WhiteElo "1400"]
[BlackElo "1400"]
[PlyCount "57"]
[EventDate "2014.04.??"]
[EventType "swiss"]
[EventRounds "7"]
[EventCountry "POL"]
[SourceTitle "EXT 2021"]
[Source "ChessBase"]
[SourceDate "2020.10.23"]
[SourceVersion "1"]
[SourceVersionDate "2020.10.23"]
[SourceQuality "1"]

1. d4 d5 2. Nf3 Nf6 3. Nc3 g6 4. Bg5 Bg7 5. e3 0-0 6. g3 Nc6 7. Bg2 b6 8. 0-0 Bb7 9. a3 e6 10. b4 a6 11. Re1 Qd7 12. Rb1 b5 13. a4 bxa4 14. Nxa4 Na7 15. Nc5 Qc6 16. Ne5 Qb5 17. Bf1 Qe8 18. Nxb7 Qb8 19. Bxa6 Nc8 20. b5 Nb6 21. Nc5 Qd8 22. Ra1 Qe7 23. Bb7 Rxa1 24. Qxa1 Rb8 25. Nc6 Qe8 26. Bf4 Rxb7 27. Nxb7 Qc8 28. Qa7 Nfd7 29. Ne7+ 1-0